000 01018pam a2200301 4500
001 1251721
003 OSt
005 20230704155423.0
008 730822s1973 cau b s000 0 eng
010 _a 73014864
020 _a0877721912
040 _aDLC
_cDLC
_dDLC
041 1 _aengfin
043 _ae-fi---
050 0 0 _aKJT2760
_b.H53 1973
082 0 0 _a354/.471/0091
_bHID
100 1 _aHidén, Mikael.
245 1 4 _aThe ombudsman in Finland:
_bthe first fifty years.
_cTranslated by Aaron Bell. Edited and with a foreword by Donald C. Rowat.
260 _aBerkeley,
_bInstitute of Governmental Studies, University of California,
_c1973.
300 _axvi, 198 p.
_c23 cm.
350 _a$8.00
500 _aRevised translation of Eduskunnan oikeusasiamies [The Parliamentary Ombudsman] published in 1970.
504 _aBibliography: p. [193]-198.
650 0 _aOmbudspersons
_zFinland.
906 _a7
_bcbc
_corignew
_d1
_eocip
_f19
_gy-gencatlg
942 _2ddc
_cBK
999 _c3919
_d3919